000 00311nam a2200109Ia 4500
008 171211s9999 xx 000 0 und d
245 _aBoats & Harbours In Acrylic (what To Paint)
245 _cCharles Evans
260 _c2015
650 _xDrawing
856 _uhttp://down.ebook777.com/Boa&HarInAcr(whToPai.zip
999 _c348069
_d348069